Library of the University of Algiers 3
Ibrahim Sultan Cheibout
شعار جامعة الجزائر 3
مكتبة جامعة الجزائر 3
إبراهيم سلطان شيبوط

علم النفس والانتاج / (رقم التسجيلة. 42849)

تفاصيل مارك
000 -LEADER
fixed length control field 01410nam a2200193Ia 4500
003 - CONTROL NUMBER IDENTIFIER
control field Ost
005 - DATE AND TIME OF LATEST TRANSACTION
control field 20260507075109.0
008 - FIXED-LENGTH DATA ELEMENTS--GENERAL INFORMATION
fixed length control field 260507s9999||||xx |||||||||||||| ||und||
040 ## - CATALOGING SOURCE
Transcribing agency fsecg
041 ## - LANGUAGE CODE
Language code of text/sound track or separate title ara
082 ## - DEWEY DECIMAL CLASSIFICATION NUMBER
Classification number 330
100 ## - MAIN ENTRY--PERSONAL NAME
Personal name العيسوي، عبد الرحمن محمد
Relator term مؤلف
245 #0 - TITLE STATEMENT
Title علم النفس والانتاج /
Statement of responsibility, etc. عبد الرحمن محمد العيسوي
260 ## - PUBLICATION, DISTRIBUTION, ETC.
Place of publication, distribution, etc. الاسكندرية:
Name of publisher, distributor, etc. الدار الجامعية للطباعة والنشر والتوزيع,
Date of publication, distribution, etc. 2000
300 ## - PHYSICAL DESCRIPTION
Extent 395 صفحة؛
Dimensions 24 سم
520 ## - SUMMARY, ETC.
Summary, etc. هذا الكتاب : -1- دور علم النفس ةالانتاج -2- مكانة علم النفس في الصناعة الحديثة -3- النظام الرأس مالي المتطرف وعيوبه -4- مذهب الحرية الفردية المطلقة -5- الصراع الصناعي -6- التوجيه المهني -7- التدريب المهني -8- المقابلة -9- قياس العلاقات الإجتماعية -10-الروح المعنوية 11- تحليل العمل -12-الظروف الفيزيقية المحيطة بالعمل - 13- سيكولوجية الإدارة -14- طبيعة السلوك الإنساني -15- الدور السيكولوجي للمشرف -16- الأمن الصناعي وحوادث العمل 17 القدرات وقياسها
653 ## - INDEX TERM--UNCONTROLLED
Uncontrolled term انتاج - علم النفس
942 ## - ADDED ENTRY ELEMENTS (KOHA)
Koha item type كتب
المقتنيات
Withdrawn status Lost status Source of classification or shelving scheme Damaged status Not for loan Home library Current library Date acquired Serial enumeration / chronology Inventory number Total checkouts Full call number Barcode Date last seen Price effective from Koha item type
    Dewey Decimal Classification   NOT LOAN / إعارة داخلية مكتبة كلية العلوم الإقتصادية والعلوم التجارية وعلوم التسيير مكتبة كلية العلوم الإقتصادية والعلوم التجارية وعلوم التسيير 07/05/2026 الطابق الأرضي 1428/1   أ/1428ن1 1428/1 07/05/2026 07/05/2026 كتب

موارد الويب المفتوحة


© University of Algiers 3 All Rights Reserved
|
Implemented by LECHELAH Riad